Personnalités nées en Afrique - Statistiques

Statistiques générales
  • Ce quiz a été pris 71 fois
  • Le résultat moyen est 2 sur 10
Answers on the Grid
Answers color-coded by a green-red scale on the quiz's grid according to % correct below.
Ségolène Royal
Stromae
Grace Jones
J.R.R Tolkien
Elon Musk
Yasser Arafat
Didier Raoult
Yves Saint Laurent
Mc Solaar
Freddie Mercury
Clémentine Célariié
Gandhi
Yannick Noah
Olivier Rousteing
Diam's
Johnny Clegg
Naomi Campbell
Christopher Froome
Natalie Portman
Karl Zéro
 
Statistiques - réponses
Réponse % Correct
Elon Musk
53%
Freddie Mercury
35%
Mc Solaar
24%
Ségolène Royal
24%
Clémentine Célariié
18%
Christopher Froome
12%
Yves Saint Laurent
12%
Didier Raoult
6%
J.R.R Tolkien
6%
Yasser Arafat
6%
Aucun quiz correspondant
Distribution des résultats
% des personnes avec chaque résultat
Percentile par nombre de réponses
Votre historique - résultats
Vous n’avez pas pris ce quiz